000 00426 a2200169 4500
001 191616
020 _a978-85-322-8275-0
040 _cMagnum
100 _aFavaro, Graziella
240 1 0 _aUm mundo de histórias de países distantes
_lpor
245 1 0 _aUm mundo de histórias de países distantes
300 _a77
362 0 _a2012
440 1 _aFTD
697 _aLITERATURA INFANTO-JUVENIL ESTRANGEIRA
942 _cBK
999 _c191616
_d191616